| 000 | 01329nam0a2200301 4500 | ||
|---|---|---|---|
| 001 | RU\NLR\b_ik\139741 | ||
| 005 | 20250616225757.0 | ||
| 010 |
_a5-9528-0041-6 _9100 |
||
| 035 | _a(NLR Aleph) 002212955 | ||
| 090 |
_a3194358 _c3194358 |
||
| 100 | _a20051127d2005 |||y0rusy50 ca | ||
| 101 | 0 | _ager | |
| 102 | _aRU | ||
| 105 | _aach ||||||||| | ||
| 200 | 1 |
_aDas russische Schicksal einer badischen Prinzessin _edie Kaiserin Elisabeth Alexiewna (1779-1826) _fvon Sofia Privalikhina |
|
| 210 |
_aТомск _cКрасное знамя _d2005 |
||
| 215 |
_a74 с. _cил., факс., портр. _d20 |
||
| 320 | _aБиблиогр.: с. 69-72 | ||
| 541 | 0 |
_aРусская доля баденской принцессы. Императрица Елизавета Алексеевна (1779 - 1826) _zrus |
|
| 600 | 0 | 0 |
_aЕлизавета Алексеевна _cимператрица российская _f1779 - 1826 _91057205 _3RU\NLR\AUTH\66409709 |
| 600 | 1 | 0 |
_aElizaveta Alekseevna _cимп. _f1779-1826 _2psbo |
| 686 | 4 | _aТ3(2)471,022.1 | |
| 700 | 1 |
_4070 _7ba _8ger _aPrivaliсhina _bS. V. _f1976- _gSofija Valer'evna _9256333 _3RU\NLR\AUTH\770256389 |
|
| 801 | 0 |
_aRU _bNLR _c20051127 _gPSBO |
|
| 942 | _cBOOK | ||
| 980 | _aNB | ||